=LDR 00000nam 2200000 4500 =001 INLIS000000000032753 =005 20230913084029 =035 ##$$a 0010-061300000032753 =008 230913################g##########0#ind## =041 ##$$a ind =082 ##$$a R.890.095 98 =090 ##$$a 890..95 98, Les b =100 ##$$a Lesmana, Satria =245 1#$$a Buku Pintar Ragam Budaya Dan Alam Indonesia 33 Provinsi, /$c Satria Lesmana;Editor,Doni Slamet R =260 ##$$a Bandung :$b Nusa Media,$c 2009 =300 ##$$a xii,174 hlm, : $b ilus ; $c 23 x 15 cm =650 #4$$a Kebudayaan Indonesia =700 #$$a Slamet R, Doni =850 ##$$a NBPNMAT =020 ##$$a 978-602-95489-2-1 =084 ##$$a R.890.095 98 LES b =250 ##$$a cet.1 =500 ##$$a ilustrasi =520 ##$$a Abstrak =990 ##$$a 09940994 =990 ##$$a 21002472 =990 ##$$a 29122912 =990 ##$$a 21002470 =990 ##$$a 21002472 =990 ##$$a 13121312 =990 ##$$a 21002471 =990 ##$$a 21002472 =990 ##$$a 21002470